00449nam a22001697a 450000500170000000800410001702000270005804000090008504100120009408200150010610000230012124500290014426000440017330000080021765000330022570000210025820260422125747.0260422b |||||||| |||| 00| 0 eng d a9788195237289c1495.00 aMAIN aEnglish a575.1bRAS aRastogi, Veer Bala aFundamentals of Genetics aNew Delhi bMedTech Science Pressc2022 a766 aBiological Science (PM USHA) aRatogi, Nirvika